[Event "8th Lost Boys op"]
[Site "Amsterdam NED"]
[Date "2000.08.15"]
[Round "5"]
[White "Ravi, Thandalam Shanmugam"]
[Black "Michiels, Bart"]
[Result "1-0"]
[WhiteElo "2385"]
[BlackElo "2055"]
[EventDate "2000.08.11"]
[PlyCount "99"]

1.e4 c5 2.c3 e6 3.d4 d5 4.exd5 exd5 5.Nf3 Nc6 6.Bb5 Bd6 7.dxc5 Bxc5 8.O-O 
Ne7 9.Nbd2 O-O 10.Nb3 Bd6 11.Bd3 Bc7 12.Bg5 Bg4 13.Bh4 Qd7 14.Bg3 Bb6 15.
Be2 Rfe8 16.Nfd4 Bxe2 17.Nxe2 Nf5 18.Qc2 Nxg3 19.Nxg3 Re5 20.Rfe1 Rae8 21.
Kf1 Qg4 22.Rxe5 Rxe5 23.Rd1 Qc4+ 24.Qd3 Qa4 25.Nc1 Qf4 26.Qc2 Qc4+ 27.Nd3 
Re6 28.b3 Qh4 29.Kg1 Bc7 30.Re1 Kf8 31.Rxe6 fxe6 32.Qe2 Qe7 33.Qe3 Bd6 34.
Ne2 Kf7 35.f4 Bc7 36.Qf3 Qf6 37.g3 Bb6+ 38.Kg2 g6 39.h3 h5 40.g4 hxg4 41.
hxg4 Ke7 42.b4 a6 43.a4 Kd6 44.b5 axb5 45.axb5 Na5 46.g5 Qg7 47.Ne5 Bd8 
48.Qd3 Bxg5 49.Qd4 Qf6 50.Qb4+ 1-0

[Event "8th Lost Boys op"]
[Site "Amsterdam NED"]
[Date "2000.08.15"]
[Round "5"]
[White "Van Blitterswijk, Stefan"]
[Black "Van den Berg, Adrianus M. J."]
[Result "1/2-1/2"]
[WhiteElo "2351"]
[BlackElo "2217"]
[EventDate "2000.08.11"]
[PlyCount "44"]

1.e4 c5 2.Nf3 Nc6 3.d4 cxd4 4.Nxd4 Nf6 5.Nc3 d6 6.Bg5 e6 7.Qd2 Be7 8.O-O-O
O-O 9.Nb3 a6 10.f3 b5 11.Bxf6 gxf6 12.Bd3 Kh8 13.f4 Rg8 14.Rhg1 Bd7 15.g4 
b4 16.Ne2 a5 17.Nbd4 Nxd4 18.Nxd4 Qb6 19.Nf3 a4 20.Kb1 Ra5 21.g5 fxg5 22.
Nxg5 Bxg5 1/2-1/2

[Event "8th Lost Boys op"]
[Site "Amsterdam NED"]
[Date "2000.08.15"]
[Round "5"]
[White "Wortel, Marten"]
[Black "Erwich, Marc"]
[Result "1-0"]
[WhiteElo "2296"]
[BlackElo "2205"]
[EventDate "2000.08.11"]
[PlyCount "107"]

1.d4 Nf6 2.Nf3 b6 3.Bg5 e6 4.Nbd2 h6 5.Bh4 Bb7 6.e3 c5 7.c3 Be7 8.Bd3 O-O 
9.O-O d5 10.Ne5 Nbd7 11.f4 Ne4 12.Bxe7 Qxe7 13.Nxd7 Qxd7 14.Nf3 Qe8 15.Qe2
Rc8 16.Ne5 Nd6 17.Rf3 c4 18.Bc2 f5 19.g4 b5 20.g5 hxg5 21.fxg5 Nf7 22.Nxf7
Qxf7 23.Qg2 g6 24.h4 Kg7 25.Qg3 Qc7 26.Kg2 e5 27.h5 exd4 28.exd4 Rfe8 29.
h6+ Kh7 30.Kf2 Qb6 31.Re1 Rxe1 32.Kxe1 Re8+ 33.Re3 Rxe3+ 34.Qxe3 Qd6 35.
Qe5 Qxe5+ 36.dxe5 Bc8 37.Ke2 d4 38.cxd4 Be6 39.Ke3 Bd5 40.e6 Bxe6 41.Kf4 
Bd5 42.Ke5 Bb7 43.d5 a5 44.d6 Bc6 45.Kd4 a4 46.a3 Bd7 47.Bd1 Bc6 48.Bf3 
Bd7 49.Kc5 f4 50.Bc6 b4 51.Bxd7 c3 52.Bxa4 bxa3 53.d7 c2 54.Bxc2 1-0

[Event "8th Lost Boys op"]
[Site "Amsterdam NED"]
[Date "2000.08.15"]
[Round "5"]
[White "Van Oosterom, Erik"]
[Black "Jens, Jelmer"]
[Result "0-1"]
[WhiteElo "2194"]
[BlackElo "2280"]
[EventDate "2000.08.11"]
[PlyCount "53"]

1.c4 Nf6 2.Nf3 g6 3.d4 Bg7 4.Nc3 O-O 5.Bg5 d6 6.e3 c5 7.Be2 Bf5 8.O-O Ne4 
9.Nxe4 Bxe4 10.dxc5 h6 11.Bh4 g5 12.Bg3 dxc5 13.Qb3 Qb6 14.Qxb6 axb6 15.
Ne5 Nc6 16.Nd7 Bxb2 17.Rab1 Bxb1 18.Rxb1 Rfd8 19.Nxb6 Rxa2 20.h4 Ra1 21.
Rxa1 Bxa1 22.hxg5 hxg5 23.Na4 Na5 24.Nxc5 Rc8 25.Ne4 Nxc4 26.Nxg5 b5 27.
Ne4 0-1

[Event "8th Lost Boys op"]
[Site "Amsterdam NED"]
[Date "2000.08.15"]
[Round "5"]
[White "Hopman, Pieter"]
[Black "De Jong, Migchiel"]
[Result "1/2-1/2"]
[WhiteElo "2188"]
[BlackElo "2276"]
[EventDate "2000.08.11"]
[PlyCount "83"]

1.d4 e6 2.Nf3 c5 3.e3 Nf6 4.Bd3 b6 5.Nbd2 cxd4 6.exd4 Bb7 7.O-O Be7 8.Qe2 
O-O 9.c3 d6 10.Nc4 Nbd7 11.Bf4 Qc7 12.h3 Nd5 13.Bd2 b5 14.Na3 a6 15.Rac1 
N7b6 16.b3 Nf6 17.c4 bxc4 18.Nxc4 Nxc4 19.Rxc4 Qb6 20.Rb4 Qa7 21.Ng5 Bd5 
22.Ra4 h6 23.Nf3 Qb6 24.Rc1 a5 25.b4 axb4 26.Rxb4 Qa7 27.a4 Rfc8 28.Rcb1 
Bd8 29.Bf4 Ba5 30.Rb5 Rd8 31.Be3 Bc3 32.Bc2 Rdc8 33.Qd1 Bxf3 34.Qxf3 Bxd4 
35.Rb7 Qc5 36.Rc1 Bxe3 37.Bh7+ Kxh7 38.Rxc5 Bxc5 39.Rxf7 Rf8 40.Qxf6 Rxf7 
41.Qxf7 Rxa4 42.Qxe6 1/2-1/2

[Event "8th Lost Boys op"]
[Site "Amsterdam NED"]
[Date "2000.08.15"]
[Round "5"]
[White "Smeets, Jan"]
[Black "Soderberg, Per"]
[Result "1-0"]
[WhiteElo "2183"]
[BlackElo "2261"]
[EventDate "2000.08.11"]
[PlyCount "63"]

1.e4 c5 2.Nf3 d6 3.d4 cxd4 4.Nxd4 Nf6 5.Nc3 a6 6.Be2 e5 7.Nf5 Nxe4 8.Nxg7+
Bxg7 9.Nxe4 d5 10.Bg5 Qa5+ 11.Nd2 Be6 12.O-O O-O 13.c4 d4 14.f4 f6 15.Bh4 
Nc6 16.f5 Bf7 17.Ne4 Qd8 18.Rf3 Bh5 19.Rh3 Bxe2 20.Qxe2 Qe7 21.Be1 Rf7 22.
c5 Rd8 23.Rd1 Bf8 24.Qg4+ Kh8 25.Qh5 Qd7 26.Bh4 Bg7 27.Nd6 Re7 28.Bg5 Kg8 
29.Qxh7+ Kf8 30.Bh6 Rf7 31.Bxg7+ Ke7 32.Bxf6+ 1-0

[Event "8th Lost Boys op"]
[Site "Amsterdam NED"]
[Date "2000.08.15"]
[Round "5"]
[White "Roebers, Jan"]
[Black "Doggers, Peter"]
[Result "1-0"]
[WhiteElo "2237"]
[BlackElo "2146"]
[EventDate "2000.08.11"]
[PlyCount "63"]

1.b3 e5 2.Bb2 Nc6 3.e3 Nf6 4.d4 exd4 5.exd4 d5 6.Nf3 Bd6 7.Be2 O-O 8.O-O 
Ne7 9.Ne5 Ne4 10.c4 c6 11.Nc3 Bf5 12.Re1 Bb4 13.Rc1 Qa5 14.Nxe4 Bxe1 15.
Nd6 Qd2 16.Ba3 Qxd1 17.Rxd1 Bc3 18.cxd5 cxd5 19.Nb5 Ba5 20.Bxe7 Rfe8 21.
Nd6 Rxe7 22.Nxf5 Rc7 23.Bf3 Rac8 24.Bxd5 Rc1 25.Rf1 Rxf1+ 26.Kxf1 Rd8 27.
Bxf7+ Kf8 28.Bc4 g6 29.Ne3 Rxd4 30.Nd3 Ke7 31.a4 Kd6 32.g3 1-0

[Event "8th Lost Boys op"]
[Site "Amsterdam NED"]
[Date "2000.08.15"]
[Round "5"]
[White "De Vilder, Hans"]
[Black "Remmel, Tim"]
[Result "1/2-1/2"]
[WhiteElo "2146"]
[BlackElo "2225"]
[EventDate "2000.08.11"]
[PlyCount "39"]

1.e4 d5 2.exd5 Qxd5 3.Nc3 Qa5 4.d4 c6 5.Bc4 Bf5 6.Bd2 e6 7.Nf3 Nf6 8.Nh4 
Bg6 9.Nxg6 hxg6 10.Qe2 Qc7 11.h3 Nbd7 12.O-O-O O-O-O 13.Bb3 Nb6 14.Bg5 Rd7
15.Qf3 Nbd5 16.Ne2 Be7 17.Kb1 Qa5 18.h4 Rhd8 19.c3 Kb8 20.g3 1/2-1/2

[Event "8th Lost Boys op"]
[Site "Amsterdam NED"]
[Date "2000.08.15"]
[Round "5"]
[White "Erwich, Frank"]
[Black "Azadmanesh, Moosa"]
[Result "1/2-1/2"]
[WhiteElo "2224"]
[BlackElo "2141"]
[EventDate "2000.08.11"]
[PlyCount "49"]

1.e4 c5 2.Nf3 d6 3.Bb5+ Nd7 4.d4 a6 5.Bxd7+ Bxd7 6.dxc5 Qa5+ 7.Nc3 Qxc5 8.
Be3 Qa5 9.O-O e6 10.Qd2 Be7 11.Rad1 Rd8 12.Nd4 Nf6 13.h3 Qc7 14.f4 O-O 15.
g4 Bc6 16.Qg2 d5 17.e5 Ne4 18.Nxe4 dxe4 19.Rd2 Bc5 20.Rfd1 Bxd4 21.Rxd4 
Rxd4 22.Rxd4 Rd8 23.Qd2 Rxd4 24.Qxd4 Bd5 25.c3 1/2-1/2

[Event "8th Lost Boys op"]
[Site "Amsterdam NED"]
[Date "2000.08.15"]
[Round "5"]
[White "Rubingh, Otto"]
[Black "Werle, Jan"]
[Result "0-1"]
[WhiteElo "2264"]
[BlackElo "2311"]
[EventDate "2000.08.11"]
[PlyCount "80"]

1.d4 Nf6 2.Nf3 e6 3.Bg5 d5 4.e3 Be7 5.Bd3 b6 6.c3 O-O 7.Qa4 Bb7 8.Nbd2 
Nbd7 9.Ne5 h6 10.Bxf6 Nxf6 11.O-O c5 12.Rae1 a6 13.Bb1 Rc8 14.Qc2 Qe8 15.
f4 Ne4 16.Nxe4 dxe4 17.Qe2 f6 18.Nc4 Qb5 19.a4 Qc6 20.Ba2 Kh8 21.Rd1 Qxa4 
22.b4 cxd4 23.Nxb6 d3 24.Qd2 Qc6 25.Nxc8 Rxc8 26.c4 f5 27.Rb1 Bf6 28.Rfc1 
e5 29.g3 exf4 30.gxf4 g5 31.Rf1 gxf4 32.Rxf4 Bg5 33.Rxf5 Qg6 34.Rxg5 Qxg5+
35.Kh1 Rg8 36.c5 Rg7 37.Rf1 Bc8 38.Qf2 Bg4 39.Qg3 Bf3+ 40.Rxf3 exf3 0-1

[Event "8th Lost Boys op"]
[Site "Amsterdam NED"]
[Date "2000.08.15"]
[Round "5"]
[White "Backelin, Rikard"]
[Black "Konings, Frans"]
[Result "1-0"]
[WhiteElo "2306"]
[BlackElo "2162"]
[EventDate "2000.08.11"]
[PlyCount "77"]

1.g3 Nf6 2.Bg2 e5 3.c4 Nc6 4.Nc3 Bb4 5.e4 Bxc3 6.bxc3 d6 7.Ne2 Be6 8.d3 
Qd7 9.h3 O-O 10.f4 exf4 11.gxf4 Rfe8 12.f5 Bxf5 13.exf5 Qxf5 14.Rf1 Qe5 
15.Bf4 Qxc3+ 16.Kf2 Qb2 17.Qd2 Qb6+ 18.Be3 Qa6 19.Kg1 Ne5 20.Nc3 c6 21.
Rab1 Re6 22.Bg5 Nfd7 23.Ne4 Rf8 24.Kh1 b6 25.Rbd1 b5 26.cxb5 Qxb5 27.Bf4 
d5 28.Ng5 Rg6 29.Rfe1 h6 30.Bxe5 hxg5 31.Bg3 f5 32.Rb1 Qa4 33.Re7 f4 34.
Bf2 f3 35.Bf1 Nb6 36.d4 Nc4 37.Qd3 Rff6 38.Rb8+ Kh7 39.Ree8 1-0

[Event "8th Lost Boys op"]
[Site "Amsterdam NED"]
[Date "2000.08.15"]
[Round "5"]
[White "Sadewasser, Axel"]
[Black "Wippermann, Till"]
[Result "0-1"]
[WhiteElo "2211"]
[BlackElo "2306"]
[EventDate "2000.08.11"]
[PlyCount "40"]

1.d4 g6 2.c4 Bg7 3.Nc3 c5 4.d5 Bxc3+ 5.bxc3 f5 6.h4 Qa5 7.Bd2 Nf6 8.h5 Rg8
9.hxg6 hxg6 10.g4 fxg4 11.e4 d6 12.Qe2 Nbd7 13.f4 gxf3 14.Nxf3 Ng4 15.Ng5 
Nde5 16.Bh3 Bd7 17.Rg1 Rh8 18.O-O-O Rxh3 19.Nxh3 Qxa2 20.Nf4 Qa1+ 0-1

[Event "8th Lost Boys op"]
[Site "Amsterdam NED"]
[Date "2000.08.15"]
[Round "5"]
[White "Kottke, Markus"]
[Black "l`Ami, Erwin"]
[Result "1-0"]
[WhiteElo "2228"]
[BlackElo "2295"]
[EventDate "2000.08.11"]
[PlyCount "75"]

1.e4 c5 2.Nf3 d6 3.d4 cxd4 4.Nxd4 Nf6 5.Nc3 e6 6.f4 a6 7.Qf3 Qc7 8.g4 Nc6 
9.Nb3 Be7 10.g5 Nd7 11.Bd3 b5 12.Be3 Bb7 13.Qh3 b4 14.Ne2 O-O 15.O-O Rfe8 
16.f5 exf5 17.exf5 Nce5 18.Ned4 Nxd3 19.cxd3 Ne5 20.f6 Bf8 21.Nf5 Bc8 22.
fxg7 Bxg7 23.Nbd4 Qd7 24.Qh5 Bf8 25.Rf4 Ng6 26.Rf3 Re5 27.Raf1 a5 28.Rh3 
h6 29.gxh6 a4 30.h7+ Kh8 31.Bg5 Re6 32.Nxe6 Qxe6 33.Re3 Ne5 34.Qh4 Qg6 35.
Rg3 Bxf5 36.Bf6+ Bg7 37.Bxg7+ Kxg7 38.Rxf5 1-0

[Event "8th Lost Boys op"]
[Site "Amsterdam NED"]
[Date "2000.08.15"]
[Round "5"]
[White "Stellwagen, Daniel"]
[Black "Van der Hoeven, Gert-Jan"]
[Result "0-1"]
[WhiteElo "2285"]
[BlackElo "2251"]
[EventDate "2000.08.11"]
[PlyCount "120"]

1.e4 d6 2.d4 g6 3.Nc3 Bg7 4.Bg5 Nc6 5.d5 Ne5 6.Nf3 Bg4 7.Be2 Bxf3 8.Bxf3 
Nxf3+ 9.Qxf3 Nf6 10.O-O-O Qd7 11.h3 h6 12.Be3 c6 13.dxc6 Qxc6 14.Bd4 O-O 
15.Bxf6 Bxf6 16.Nd5 Bg5+ 17.Kb1 Rac8 18.c3 e6 19.h4 Bd8 20.Ne3 Be7 21.h5 
g5 22.Ng4 Kg7 23.Qd3 Qc4 24.f3 Qxd3+ 25.Rxd3 Rc7 26.a4 Rfc8 27.Kc2 b5 28.
axb5 Rb8 29.Ra1 Rxb5 30.Ra6 Rcb7 31.b4 R5b6 32.Ra5 Bd8 33.Ra4 Bc7 34.Ne3 
Rc6 35.c4 Bb6 36.b5 Rc8 37.Nd1 Bc5 38.Nc3 Rbc7 39.Kb3 Kf6 40.Ra6 Ke5 41.g4
Bd4 42.Ne2 Bb6 43.Ra4 Rd7 44.Nc3 Kf4 45.Ra2 Rdc7 46.Rc2 Ke5 47.Na2 Bc5 48.
Rcd2 Kf4 49.Rc3 a6 50.bxa6 Rb8+ 51.Kc2 Ra7 52.Nc1 Rxa6 53.Nd3+ Kg3 54.Kd1 
Be3 55.Rdc2 Kxf3 56.Ne1+ Kxe4 57.Ke2 Bd4 58.Rd3 Rba8 59.Nf3 Bc5 60.Nd2+ 
Kf4 0-1

[Event "8th Lost Boys op"]
[Site "Amsterdam NED"]
[Date "2000.08.15"]
[Round "5"]
[White "Pel, Bonno"]
[Black "Happel, Hendrik"]
[Result "0-1"]
[WhiteElo "2300"]
[BlackElo "2216"]
[EventDate "2000.08.11"]
[PlyCount "66"]

1.Nc3 Nf6 2.e4 d5 3.e5 Nfd7 4.f4 e6 5.g3 c5 6.Bg2 Nc6 7.Nh3 Be7 8.O-O a6 
9.d3 b5 10.Ne2 b4 11.Be3 a5 12.c3 bxc3 13.bxc3 Qc7 14.d4 cxd4 15.cxd4 Nb6 
16.Kh1 Nc4 17.Bg1 g6 18.Rc1 Qd7 19.g4 Ba6 20.f5 Nb2 21.Qc2 Nc4 22.fxe6 
fxe6 23.Nef4 Nb4 24.Qf2 O-O 25.Qg3 Nd2 26.Rfe1 Ne4 27.Qb3 Ng5 28.Rc3 Nxh3 
29.Nxh3 Rac8 30.Rec1 Bc4 31.Rxc4 dxc4 32.Rxc4 a4 33.Qc3 Nxa2 0-1

[Event "8th Lost Boys op"]
[Site "Amsterdam NED"]
[Date "2000.08.16"]
[Round "6"]
[White "Tregubov, Pavel"]
[Black "Ramesh, Ramachandran"]
[Result "1-0"]
[WhiteElo "2620"]
[BlackElo "2450"]
[EventDate "2000.08.11"]
[PlyCount "87"]

1.d4 Nf6 2.c4 g6 3.g3 Bg7 4.Bg2 O-O 5.Nc3 d6 6.Nf3 Nc6 7.O-O a6 8.h3 Rb8 
9.e4 b5 10.cxb5 axb5 11.Re1 b4 12.Nd5 Nd7 13.a3 e6 14.Nxb4 Nxb4 15.axb4 
Rxb4 16.Bg5 Bf6 17.Bh6 Bg7 18.Bxg7 Kxg7 19.Qc2 Kg8 20.Ra8 c5 21.e5 cxd4 
22.Rc1 Rb8 23.Rxb8 Nxb8 24.Qe4 dxe5 25.Qxe5 Bb7 26.Nxd4 Bxg2 27.Kxg2 Nd7 
28.Qe2 Nf6 29.Nc6 Qd5+ 30.Qf3 Kg7 31.b4 Rc8 32.b5 Rc7 33.Rb1 Rb7 34.Qxd5 
Nxd5 35.Na5 Rb8 36.Nc4 Kf6 37.b6 Rb7 38.Rb3 Ke7 39.Kf3 f5 40.Ke2 Kd7 41.
Kd3 Rb8 42.Kd4 Kc6 43.f4 Kb7 44.Ke5 1-0

[Event "8th Lost Boys op"]
[Site "Amsterdam NED"]
[Date "2000.08.16"]
[Round "6"]
[White "Van der Wiel, John"]
[Black "Nep, Ron"]
[Result "1-0"]
[WhiteElo "2531"]
[BlackElo "2192"]
[EventDate "2000.08.11"]
[PlyCount "61"]

1.e4 c6 2.Nf3 d5 3.Nc3 Bg4 4.h3 Bxf3 5.Qxf3 Nf6 6.d3 e6 7.Bd2 Nbd7 8.g4 
Bd6 9.g5 Ng8 10.h4 Ne7 11.h5 Qb6 12.Rb1 Bb4 13.a3 Bxc3 14.Bxc3 d4 15.Bd2 
Rf8 16.Qg3 O-O-O 17.Bh3 c5 18.b4 c4 19.dxc4 Qc6 20.O-O Qxe4 21.Bg2 Qxc2 
22.Qf3 Nc6 23.b5 Nde5 24.Qg3 Qxd2 25.bxc6 f6 26.Rxb7 Qc3 27.Qf4 d3 28.Qe3 
Qd4 29.c7 d2 30.cxd8=R+ Rxd8 31.Qb3 1-0

[Event "8th Lost Boys op"]
[Site "Amsterdam NED"]
[Date "2000.08.16"]
[Round "6"]
[White "Hendriks, Willy"]
[Black "Peng, Zhaoqin"]
[Result "1/2-1/2"]
[WhiteElo "2378"]
[BlackElo "2403"]
[EventDate "2000.08.11"]
[PlyCount "65"]

1.e4 e6 2.d4 d5 3.e5 c5 4.c3 Qb6 5.Nf3 Bd7 6.Be2 cxd4 7.cxd4 Bb5 8.Nc3 
Bxe2 9.Qxe2 Nc6 10.O-O Nge7 11.Qd3 Qd8 12.Bg5 h6 13.Nb5 hxg5 14.Nd6+ Kd7 
15.Nxf7 Qe8 16.Nxh8 Qh5 17.Rac1 g4 18.Nd2 Rc8 19.b4 Nf5 20.b5 Ncxd4 21.
Rxc8 Kxc8 22.Nb3 Nxb3 23.axb3 Kd7 24.b6 axb6 25.Qb5+ Kc7 26.Rc1+ Bc5 27.b4
Nd4 28.Rxc5+ bxc5 29.Qxc5+ Nc6 30.Qd6+ Kb6 31.Qc5+ Kc7 32.Qd6+ Kb6 33.Qc5+
1/2-1/2

[Event "8th Lost Boys op"]
[Site "Amsterdam NED"]
[Date "2000.08.16"]
[Round "6"]
[White "Kidambi, Sundararajan"]
[Black "Epishin, Vladimir"]
[Result "0-1"]
[WhiteElo "2404"]
[BlackElo "2567"]
[EventDate "2000.08.11"]
[PlyCount "116"]

1.d4 Nf6 2.c4 g6 3.Nc3 d5 4.Nf3 Bg7 5.Qb3 dxc4 6.Qxc4 O-O 7.e4 Na6 8.Be2 
c5 9.d5 e6 10.O-O exd5 11.exd5 Re8 12.Be3 Bf5 13.Rad1 Qd6 14.Bf4 Qb6 15.
Qb5 Nb4 16.a3 Nc2 17.Qxb6 axb6 18.Bb5 Nd7 19.Nh4 Bg4 20.f3 Bxc3 21.bxc3 
Nxa3 22.Bd3 c4 23.fxg4 cxd3 24.Rxd3 Rac8 25.Nf3 Nb5 26.Rc1 Rc4 27.Nd4 Nc5 
28.Re3 Rxe3 29.Bxe3 Rxc3 30.Nxb5 Rxe3 31.Rd1 Rd3 32.Rxd3 Nxd3 33.d6 Kf8 
34.Nc7 Ne5 35.Nd5 Ke8 36.Nxb6 Nxg4 37.h3 Nf6 38.g4 Ne4 39.d7+ Kd8 40.Kg2 
Nf6 41.Kf3 Nxd7 42.Nd5 f6 43.h4 Ke8 44.Kf4 Kf7 45.g5 Ke6 46.Nc7+ Kd6 47.
Ne8+ Ke7 48.Nc7 f5 49.h5 Kd6 50.Ne8+ Kd5 51.Nc7+ Kc5 52.Ne8 gxh5 53.Kxf5 
b5 54.Ke6 b4 55.Nf6 b3 56.Nxd7+ Kd4 57.Ne5 b2 58.Nf3+ Kc3 0-1

[Event "8th Lost Boys op"]
[Site "Amsterdam NED"]
[Date "2000.08.16"]
[Round "6"]
[White "Hillarp Persson, Tiger"]
[Black "Ravi, Thandalam Shanmugam"]
[Result "0-1"]
[WhiteElo "2549"]
[BlackElo "2385"]
[EventDate "2000.08.11"]
[PlyCount "110"]

1.d4 Nf6 2.c4 e6 3.Nc3 Bb4 4.e3 c5 5.Bd3 cxd4 6.exd4 d5 7.Nf3 O-O 8.O-O 
dxc4 9.Bxc4 b6 10.Qe2 Bb7 11.Bg5 Bxc3 12.bxc3 Nbd7 13.Ne5 Qc7 14.Nxd7 Nxd7
15.Rac1 Qc6 16.f3 a6 17.Bd3 b5 18.a4 bxa4 19.c4 a5 20.Qf2 Rac8 21.Qg3 Rfe8
22.Bh6 g6 23.Rfd1 Ba6 24.Be4 Qc7 25.Qh4 a3 26.c5 a2 27.Ra1 f5 28.Bd3 Bxd3 
29.Rxd3 Qb7 30.Qf2 Nf6 31.Qxa2 Qb5 32.Re3 Qc6 33.Rae1 Nd5 34.Re5 Nb4 35.
Qc4 Kf7 36.h4 Rcd8 37.h5 Rd5 38.hxg6+ hxg6 39.R5e2 Qd7 40.Qc1 Rxd4 41.Qg5 
Qe7 42.Qe3 Qxc5 43.Rc1 Qd6 44.Bg5 e5 45.Qb3+ Kg7 46.Qa4 Rh8 47.Be3 Rd5 48.
Qa1 Rd8 49.f4 Rd1+ 50.Re1 Rxe1+ 51.Rxe1 Nc2 52.Qxa5 Nxe1 53.fxe5 Qd1 54.e6
Nd3+ 55.Kh2 Rh8+ 0-1

[Event "8th Lost Boys op"]
[Site "Amsterdam NED"]
[Date "2000.08.16"]
[Round "6"]
[White "Berkvens, Joost"]
[Black "Van der Weide, Karel"]
[Result "1/2-1/2"]
[WhiteElo "2364"]
[BlackElo "2467"]
[EventDate "2000.08.11"]
[PlyCount "43"]

1.e4 c5 2.Nf3 Nc6 3.d4 cxd4 4.Nxd4 g6 5.c4 Nf6 6.Nc3 d6 7.Be2 Nxd4 8.Qxd4 
Bg7 9.Be3 O-O 10.Qd2 Be6 11.O-O Qa5 12.Rab1 Rfc8 13.b3 Ng4 14.Nd5 Qxd2 15.
Bxd2 Kf8 16.Bxg4 Bxg4 17.Bg5 f6 18.Bd2 Be6 19.a4 f5 20.Bg5 Bxd5 21.exd5 
Bc3 22.Be3 1/2-1/2

[Event "8th Lost Boys op"]
[Site "Amsterdam NED"]
[Date "2000.08.16"]
[Round "6"]
[White "Van der Werf, Mark"]
[Black "Nio Bertholee, Rob"]
[Result "1-0"]
[WhiteElo "2429"]
[BlackElo "2343"]
[EventDate "2000.08.11"]
[PlyCount "87"]

1.d4 Nf6 2.c4 a6 3.Nc3 c5 4.d5 b5 5.Qc2 g6 6.e4 Bg7 7.cxb5 O-O 8.e5 Ng4 9.
Be2 d6 10.exd6 Bd4 11.Bxg4 Bxg4 12.Nge2 axb5 13.O-O Bf5 14.Qd1 Be5 15.dxe7
Qxe7 16.Ng3 b4 17.Nxf5 gxf5 18.Ne2 Qf6 19.Ng3 Bxb2 20.Bxb2 Qxb2 21.Nxf5 
Kh8 22.Qb3 Qe5 23.Ne3 Nd7 24.Rad1 Nb6 25.Rd3 Ra3 26.Qc2 Rxd3 27.Qxd3 Ra8 
28.Qb5 Qd6 29.Rd1 Na4 30.Nf5 Qf6 31.Qc6 Qxc6 32.dxc6 Nc3 33.Rd7 Nb5 34.Kf1
c4 35.c7 Nxc7 36.Rxc7 c3 37.Rc4 h6 38.Rxb4 c2 39.Rc4 Rxa2 40.Ke1 Ra1+ 41.
Kd2 Rf1 42.Ne3 Rxf2+ 43.Kd3 c1=N+ 44.Rxc1 1-0

[Event "8th Lost Boys op"]
[Site "Amsterdam NED"]
[Date "2000.08.16"]
[Round "6"]
[White "Jonkman, Harmen"]
[Black "Van Harreveld, Frenk"]
[Result "1-0"]
[WhiteElo "2424"]
[BlackElo "2307"]
[EventDate "2000.08.11"]
[PlyCount "57"]

1.e4 e6 2.d4 d5 3.e5 c5 4.c3 Qb6 5.Nf3 Nc6 6.a3 Nh6 7.b4 cxd4 8.cxd4 Nf5 
9.Be3 Be7 10.Bd3 Nxe3 11.fxe3 f5 12.exf6 Bxf6 13.Nc3 O-O 14.O-O Qd8 15.Qc2
h6 16.Rad1 Bd7 17.Qd2 a5 18.b5 Na7 19.a4 Nc8 20.Bc2 Qe7 21.Qd3 g5 22.Ne5 
Bxe5 23.Rxf8+ Kxf8 24.dxe5 Qg7 25.Nxd5 exd5 26.Qxd5 Bg4 27.Qd8+ Kf7 28.
Rf1+ Ke6 29.Bb3+ 1-0

[Event "8th Lost Boys op"]
[Site "Amsterdam NED"]
[Date "2000.08.16"]
[Round "6"]
[White "Saravanan, Venkat"]
[Black "Rebers, Eugene"]
[Result "1/2-1/2"]
[WhiteElo "2412"]
[BlackElo "2257"]
[EventDate "2000.08.11"]
[PlyCount "83"]

1.e4 d6 2.d4 Nf6 3.f3 Nbd7 4.c4 e5 5.Ne2 g6 6.Nbc3 Bg7 7.Bg5 O-O 8.Qd2 c6 
9.d5 h6 10.Be3 cxd5 11.cxd5 a6 12.Nc1 Ne8 13.Bd3 f5 14.exf5 gxf5 15.O-O 
Qh4 16.N1e2 Ndf6 17.Bf2 Qh5 18.Ng3 Qg6 19.Qc2 Nh5 20.Nxh5 Qxh5 21.Na4 Bd7 
22.Nb6 Rd8 23.Kh1 e4 24.fxe4 Be5 25.Bg1 f4 26.Nxd7 Rxd7 27.Rac1 Rg7 28.Be2
Qg6 29.Bf3 Nf6 30.Qe2 h5 31.Rc2 Ng4 32.Rfc1 Ne3 33.Rc8 Qf6 34.Rxf8+ Qxf8 
35.Bxe3 fxe3 36.Bxh5 Qf4 37.g3 Qxe4+ 38.Bf3 Qd4 39.Rc8+ Kf7 40.Qc2 Kf6 41.
g4 Qf4 42.Rf8+ 1/2-1/2

[Event "8th Lost Boys op"]
[Site "Amsterdam NED"]
[Date "2000.08.16"]
[Round "6"]
[White "Kiseleva, Natalia"]
[Black "Bosch, Jeroen"]
[Result "0-1"]
[WhiteElo "2323"]
[BlackElo "2405"]
[EventDate "2000.08.11"]
[PlyCount "82"]

1.d4 f5 2.Nf3 Nf6 3.g3 e6 4.Bg2 d5 5.O-O Bd6 6.c4 c6 7.Bf4 Bxf4 8.gxf4 O-O
9.Qb3 Ne4 10.e3 b6 11.Ne5 Bb7 12.Bxe4 fxe4 13.cxd5 cxd5 14.f3 Nd7 15.fxe4 
Nxe5 16.dxe5 d4 17.Nd2 Kh8 18.Rae1 Rc8 19.Rc1 Rxc1 20.Rxc1 Qh4 21.exd4 
Rxf4 22.Qe3 h6 23.Re1 Qg5+ 24.Kh1 Bxe4+ 25.Qxe4 Rxe4 26.Nxe4 Qh4 27.Re2 
Qg4 28.Re1 Qf3+ 29.Kg1 Qd3 30.Nc3 Qxd4+ 31.Kf1 Qf4+ 32.Kg2 b5 33.Re4 Qd2+ 
34.Re2 Qg5+ 35.Kf2 b4 36.Na4 Qf5+ 37.Kg2 Qg4+ 38.Kf2 Qf4+ 39.Ke1 Qc1+ 40.
Kf2 Qh1 41.Ke3 Qd5 0-1

[Event "8th Lost Boys op"]
[Site "Amsterdam NED"]
[Date "2000.08.16"]
[Round "6"]
[White "Roebers, Jan"]
[Black "Wendt, Rene"]
[Result "1-0"]
[WhiteElo "2237"]
[BlackElo "2373"]
[EventDate "2000.08.11"]
[PlyCount "69"]

1.e4 c5 2.Nf3 d6 3.d4 cxd4 4.Nxd4 Nf6 5.Nc3 a6 6.f4 e6 7.Be2 Qc7 8.a4 Be7 
9.Be3 Nc6 10.O-O O-O 11.Kh1 Re8 12.Bf3 Rb8 13.g4 Nxd4 14.Bxd4 e5 15.fxe5 
dxe5 16.Ba7 Ra8 17.g5 Rd8 18.Qe2 Ne8 19.Be3 Be6 20.Qf2 Qc4 21.Nd5 Bxd5 22.
exd5 Nd6 23.b3 Qc3 24.Rac1 f5 25.gxf6 Bxf6 26.Bd2 Qb2 27.c4 Qxb3 28.c5 e4 
29.Bg2 Nc4 30.Bxe4 Qxa4 31.Rxc4 Qxc4 32.Qf5 Qd4 33.Qxh7+ Kf8 34.Bg5 Re8 
35.Rxf6+ 1-0

[Event "8th Lost Boys op"]
[Site "Amsterdam NED"]
[Date "2000.08.16"]
[Round "6"]
[White "Amesz, Jaap"]
[Black "Van Delft, Merijn"]
[Result "1/2-1/2"]
[WhiteElo "2185"]
[BlackElo "2320"]
[EventDate "2000.08.11"]
[PlyCount "56"]

1.g3 Nf6 2.Bg2 g6 3.c4 Bg7 4.Nc3 O-O 5.e4 c5 6.Nge2 Nc6 7.O-O Ne8 8.d3 Nc7
9.a3 Ne6 10.Rb1 d6 11.b4 Ned4 12.Nxd4 Nxd4 13.Ne2 b6 14.Bb2 Nxe2+ 15.Qxe2 
Bxb2 16.Rxb2 e5 17.f4 f6 18.Qe3 Bd7 19.fxe5 fxe5 20.Rbf2 Qe7 21.Rxf8+ Rxf8
22.Rxf8+ Qxf8 23.b5 Kg7 24.Qf2 Qxf2+ 25.Kxf2 g5 26.Bf3 Kg6 27.g4 h6 28.Kg3
Kf6 1/2-1/2

[Event "8th Lost Boys op"]
[Site "Amsterdam NED"]
[Date "2000.08.16"]
[Round "6"]
[White "Wortel, Marten"]
[Black "Smeets, Jan"]
[Result "1-0"]
[WhiteElo "2296"]
[BlackElo "2183"]
[EventDate "2000.08.11"]
[PlyCount "127"]

1.e4 e5 2.Nf3 Nc6 3.Bc4 Bc5 4.b4 Bxb4 5.c3 Be7 6.d4 Na5 7.Be2 exd4 8.cxd4 
d5 9.Qa4+ Nc6 10.exd5 Qxd5 11.Nc3 Bb4 12.Bd2 Bxc3 13.Bxc3 Ne7 14.Bc4 Qe4+ 
15.Kf1 Be6 16.Re1 Qf5 17.d5 Bxd5 18.Bxd5 Qxd5 19.Rd1 b5 20.Rxd5 bxa4 21.
Rg5 O-O-O 22.g3 f6 23.Rxg7 Nd5 24.Bd2 Rd7 25.Rg4 Nb6 26.Ke2 Re8+ 27.Be3 
Nd5 28.Rc1 Ncb4 29.a3 Na2 30.Re1 Rde7 31.Kd2 Nac3 32.Rd4 c5 33.Rc4 Kd7 34.
Rxc3 Nxc3 35.Kxc3 Kc6 36.Kc4 Re4+ 37.Kd3 c4+ 38.Kc3 Rd8 39.Bd4 Rxe1 40.
Nxe1 Kd5 41.Nc2 a5 42.Ne3+ Ke4 43.Ng4 Rxd4 44.Nxf6+ Ke5 45.f4+ Rxf4 46.
Nd7+ Kd6 47.gxf4 Kxd7 48.Kxc4 Kc6 49.f5 Kd6 50.Kb5 Ke5 51.Kxa4 Kxf5 52.
Kxa5 Kg4 53.Kb4 Kh3 54.a4 Kxh2 55.a5 h5 56.a6 h4 57.a7 h3 58.a8=Q Kg1 59.
Qa1+ Kg2 60.Qb2+ Kg1 61.Qc1+ Kg2 62.Qd2+ Kg1 63.Qd1+ Kg2 64.Qg4+ 1-0

[Event "8th Lost Boys op"]
[Site "Amsterdam NED"]
[Date "2000.08.16"]
[Round "6"]
[White "Bosboom, Manuel"]
[Black "Kottke, Markus"]
[Result "1-0"]
[WhiteElo "2455"]
[BlackElo "2228"]
[EventDate "2000.08.11"]
[PlyCount "105"]

1.d4 Nf6 2.c4 g6 3.Nc3 Bg7 4.Bg5 d6 5.e3 O-O 6.Be2 h6 7.Bh4 Na6 8.Qc2 c5 
9.Nf3 cxd4 10.Nxd4 Nc5 11.Rd1 a6 12.b4 Ne6 13.Nb3 Qb6 14.Bxf6 exf6 15.Nd5 
Qa7 16.Ne7+ Kh7 17.Rxd6 b5 18.Nxc8 Raxc8 19.c5 Rfd8 20.Rxd8 Nxd8 21.Bf3 f5
22.O-O Qc7 23.Na5 f4 24.exf4 Qxf4 25.a3 Be5 26.Rd1 Ne6 27.Nc6 Qxh2+ 28.Kf1
Nf4 29.g3 Nh3 30.Nxe5 Qg1+ 31.Ke2 Qxf2+ 32.Kd3 Qxg3 33.Qc3 Re8 34.Re1 Qh2 
35.Qd4 Qg3 36.Re3 Nf4+ 37.Kc3 Ne6 38.Qd7 Ng7 39.Qd5 Qg1 40.Kd2 Ne6 41.c6 
Re7 42.Qd6 Rc7 43.Ng4 h5 44.Nf6+ Kh6 45.Rxe6 fxe6 46.Qf4+ g5 47.Ng8+ Kg6 
48.Be4+ Kg7 49.Qxc7+ Kxg8 50.Qd8+ Kf7 51.c7 Qf2+ 52.Kc3 Qe1+ 53.Kb2 1-0